|
|
|
|
| LEADER |
00816nta a2200217 i 4500 |
| 001 |
dokt895 |
| 005 |
20190725090319.0 |
| 008 |
110616s2010 hu om 0|| hun d |
| 024 |
7 |
|
|a 23364147
|2 mtmt
|
| 040 |
|
|
|a SZTE Doktori Repozitórium
|b hun
|
| 041 |
|
|
|a hun
|
| 100 |
1 |
|
|a Nánási László
|
| 245 |
1 |
2 |
|a A magyar királyi ügyészség története 1871-1945
|h [elektronikus dokumentum] /
|c Nánási László
|
| 260 |
|
|
|c 2010-05-27
|
| 502 |
|
|
|a Disszertacio
|
| 650 |
|
4 |
|a állam- és jogtudományok
|
| 650 |
|
4 |
|a Jogtudomány
|
| 700 |
0 |
2 |
|a Homoki-Nagy Mária
|e ths
|
| 700 |
0 |
2 |
|a Balogh Elemér
|e ths
|
| 856 |
4 |
0 |
|u https://doktori.bibl.u-szeged.hu/id/eprint/895/1/Nanasi_Laszlo_ertekezes.pdf
|z Dokumentum-elérés
|
| 856 |
4 |
0 |
|u https://doktori.bibl.u-szeged.hu/id/eprint/895/2/Nanasi_Laszlo_t%C3%A9zisek.pdf
|z Dokumentum-elérés
|